Applied biodiversity / (Record no. 42467)

MARC details
000 -LEADER
fixed length control field 00866nam a22002417a 4500
005 - DATE AND TIME OF LATEST TRANSACTION
control field 20100818151513.0
010 ## - LCCN (DPL NO)
LC control number ENG-100883
020 ## - INTERNATIONAL STANDARD BOOK NUMBER
International Standard Book Number 9788189228521
Terms of availability 600.00
035 ## - SYSTEM CONTROL NUMBER
System control number EN-84416
037 ## - SOURCE OF ACQUISITION
Source of stock number/acquisition DBAD/PUB
082 ## - DEWEY DECIMAL CLASSIFICATION NUMBER
Classification number 577
100 ## - MAIN ENTRY--PERSONAL NAME
Personal name Sharma, Mukesh Kumar
245 ## - TITLE STATEMENT
Title Applied biodiversity /
Statement of responsibility, etc by Mukesh Kumar Sharma, Snehlata [and] Gopal Sharan Gupta
260 ## - PUBLICATION, DISTRIBUTION, ETC. (IMPRINT)
Place of publication, distribution, etc Jaipur
Name of publisher, distributor, etc Rachana Prakashan
Date of publication, distribution, etc 2009
270 ## - ADDRESS
Address 57, Natani Bhawan, Mishra Raja Ji Ka Rasta Chandpole Bazar
City Jaipur
Postal code 1
300 ## - PHYSICAL DESCRIPTION
Extent 300p.
Dimensions 23cm (Hb)
500 ## - GENERAL NOTE
General note includes bibliographical references
650 ## - SUBJECT ADDED ENTRY--TOPICAL TERM
Topical term or geographic name as entry element Biodiversity - Ecology
700 ## - ADDED ENTRY--PERSONAL NAME
Personal name Snehlata
9 (RLIN) 14921
700 ## - ADDED ENTRY--PERSONAL NAME
Personal name Gupta, Gopal Sharan
9 (RLIN) 14922
942 ## - ADDED ENTRY ELEMENTS (KOHA)
Source of classification or shelving scheme Dewey Decimal Classification
Item type English Books
Classification part 577
Call number suffix SHA
Holdings
Withdrawn status Lost status Not for loan Collection code Home library Current library Date acquired Source of acquisition Cost, normal purchase price Full call number Barcode Copy number Cost, replacement price Koha item type
      Non-fiction Bawana Bawana 18/08/2010 DBAD/PUB 600.00 577 SHA EN-84416 1 600.00 English Books

© Delhi Public Library
Hit Counter
free hit counter